(Khmer and English) What Darwin got wrong? (Record no. 48207)
| 000 -LEADER | |
|---|---|
| fixed length control field | 00332nam a2200109 4500 |
| 245 ## - TITLE STATEMENT | |
| Title | (Khmer and English) What Darwin got wrong? |
| Statement of responsibility, etc | Jonny C. Sanford. |
| 260 ## - PUBLICATION, DISTRIBUTION, ETC. (IMPRINT) | |
| Name of publisher, distributor, etc | EMU International; |
| Date of publication, distribution, etc | 2023. |
| 300 ## - PHYSICAL DESCRIPTION | |
| Extent | 144 p. |
| Other physical details | col. ill. |
| 650 ## - SUBJECT ADDED ENTRY--TOPICAL TERM | |
| Topical term or geographic name as entry element | Charles Darwin. |
| 9 (RLIN) | 85948 |
| 700 ## - ADDED ENTRY--PERSONAL NAME | |
| Relator code | translator. |
| Personal name | J.D. Crowley. |
| 9 (RLIN) | 85949 |
| 942 ## - ADDED ENTRY ELEMENTS (KOHA) | |
| Source of classification or shelving scheme | |
| Koha item type | Khmer NON FIC Books |
| Withdrawn status | Lost status | Source of classification or shelving scheme | Damaged status | Not for loan | Collection code | Home library | Current library | Date acquired | Total Checkouts | Full call number | Barcode | Date last seen | Date checked out | Price effective from | Koha item type |
|---|---|---|---|---|---|---|---|---|---|---|---|---|---|---|---|
| Siem Riep | Asian Hope Secondary Library | Asian Hope Secondary Library | 01/21/2025 | 1 | KHMER 231.7 SAN | 207396 | 01/16/2026 | 03/18/2025 | 01/21/2025 | Khmer NON FIC Books |